000 00551nam a2200217Ia 4500
003 OSt
005 20230620145121.0
008 210423s2005 xx 000 0 und d
020 _a812041571
040 _cAL
041 _aeng
082 _a581.0724 RAZM
100 _aRAZDAN (M K).
_9124421
245 _aIntroduction to plant tissue culture.
250 _a2
260 _aNew Delhi
_bOxford University Press
_c2005
300 _axii,375
_bPB
365 _b225
_cINR
906 _aculture. ; Introduction ; plant ; tissue
942 _2ddc
_cBK
999 _c163210
_d163210